000 00433nam a2200169Ia 4500
008 121102t1962 xxu||||| |||| 00| 0 sin d
041 _asin
080 _aX8S1
_bRAN
100 _aChandra Sri Ranasinghe
245 _aරන් දිවයින
246 _aRan Divaina
260 _bAbhaya Prakashakayo
_aGalkissa
_c1962
300 _b130p., 18 cm
942 _cBK
999 _c76298
_d76298
003 LK-CoDNM
040 _aLK-CoDNM
_dLK-CoDNM
_eLK-CoDNM